00413nam a2200157 a 450000100060000000300090000600800410001502000150005604000280007108200090009910000490010824500240015726000410018130000100022265000230023217746CO-ViMGA141112s2004 ck r 000 u spa d a9802572691 aCO-ViMGAbspacCO-ViMGA04aPERc1 aPerez Falcón, Marilyn; Repiso, Maria Elena10aCui - Cui - Cuidado aCaracas (Venezuela), cEkare, c2002 a24.p.14aCUENTOS INFANTILES